000 00288nam a2200109Ia 4500
008 220204s9999 xx 000 0 und d
082 _a657.6
_bPRE
245 0 _aPreparation and audit of consolidated financial statements
260 _aLondon
_bGee
_c1976
650 _aAuditing
942 _cBK
999 _c32841
_d32841